000 00457nam a2200157Ia 4500
005 20250326104035.0
008 231217s9999 xx 000 0 und d
020 _a9788178817149
082 _a657 PAD;1 R
100 _aPadmavathi, C ed.
245 0 _aAccounting standards : towards harmonization and convergence
260 _c2005
_bIcfai
_aHyderabad
300 _aviii, 199
650 _aAccounting,standards,harmonization,convergence
942 _cAA
999 _c186793
_d186793